Croatia EURO 2004 squad - Statistics

General Stats
  • This quiz has been taken 18 times
  • The average score is 14 of 23
Answer Stats
Club Position Answer % Correct
Shakhtar Donetsk DF Darijo Srna
100%
Hertha Berlin MF Niko Kovač
100%
Bayern Munchen DF Robert Kovač
100%
Juventus DF Igor Tudor
88%
CSKA Moscow ST Ivica Olić
88%
Monaco ST Dado Pršo
82%
Werder Bremen ST Ivan Klasnić
82%
Hertha Berlin DF Joe Šimunić
76%
AC Milan DF Dario Šimić
71%
VfB Stuttgart DF Boris Živković
65%
Club Brugge GK Tomislav Butina
65%
Bayer Leverkusen MF Marko Babić
59%
AC Ancona MF Milan Rapaić
59%
Fenerbahče DF Stjepan Tomas
59%
FC Dynamo Kyiv MF Jerko Leko
53%
Benfica ST Tomo Šokota
53%
Austria Wien GK Joseph Anthony Didulica
47%
Maccabi Haifa MF Đovani Roso
41%
Portsmouth ST Ivica Mornar
41%
1. FC Kaiserslautern MF Nenad Bjelica
41%
NK Varteks GK Vladimir Vasilj
29%
Grazer AK DF Mario Tokić
24%
HNK Hajduk DF Mato Neretljak
18%
No matching quizzes found
Score Distribution
Percent of People with Each Score
Percentile by Number Answered
Your Score History
You have not taken this quiz